|
|
|
|
| LEADER |
00000cam a2200000 a 4500 |
| 001 |
vtls001474571 |
| 003 |
SK-MaSNL |
| 005 |
20260301073851.0 |
| 008 |
240226s2003 xo a crp 000 0 slo |
| 015 |
|
|
|a SNBA2004/09-05455
|
| 020 |
|
|
|a 8070983388
|q (brožované)
|
| 035 |
|
|
|a SNK000429872
|
| 035 |
|
|
|a urn:nbn:sk:snk-am3ixmb
|
| 035 |
|
|
|a 91DB97F9-0D8E-4710-B858-41364EAD784D
|
| 035 |
|
|
|a urn:nbn:sk:snk-am00g3z5
|
| 040 |
|
|
|a SNK
|b slo
|c SNK
|e AACR2
|
| 041 |
0 |
|
|a slo
|
| 044 |
|
|
|a xo
|c SK
|
| 072 |
|
7 |
|a 37
|x Výchova a vzdelávanie
|2 konspekt
|
| 072 |
|
7 |
|a 37.016
|x Učebné osnovy. Vyučovacie predmety. Učebnice
|2 konspekt
|
| 080 |
|
|
|a 371.381
|2 1997
|
| 080 |
|
|
|a 371.381
|2 2001
|
| 080 |
|
|
|a 37.01/.09
|2 2011
|
| 080 |
|
|
|a 373.3
|2 2011
|
| 080 |
|
|
|a 37.011.33:006
|2 2011
|
| 080 |
|
|
|a (073)
|2 2011
|
| 080 |
|
|
|a (041)
|2 2011
|
| 100 |
1 |
|
|a Kožuchová, Mária,
|d 1950-
|4 aut
|9 185671
|
| 245 |
1 |
0 |
|a Vzdelávací štandard s exemplifikačnými úlohami z pracovného vyučovania na 1. stupni základnej školy - technické práce, pestovateľské práce
|c vypracovali: Mária Kožuchová a kol.
|
| 250 |
|
|
|a 1. vyd.
|
| 260 |
|
|
|a Bratislava
|b Ústav informácií a prognóz školstva
|c 2003
|
| 300 |
|
|
|a 46 strán
|b ilustrácie, tabuľky
|c 21 cm
|
| 650 |
0 |
7 |
|a technické práce
|2 SNKPH
|9 395606
|
| 650 |
0 |
7 |
|a pestovateľské práce
|2 SNKPH
|9 376889
|
| 650 |
0 |
7 |
|a pracovná výchova
|2 SNKPH
|9 66811
|
| 650 |
0 |
7 |
|a výchova a vzdelávanie
|2 SNKPH
|9 1684
|
| 650 |
0 |
7 |
|a základné školy
|2 SNKPH
|9 1280
|
| 650 |
0 |
7 |
|a vzdelávacie štandardy
|2 SNKPH
|9 70935
|
| 655 |
|
7 |
|a učebné osnovy
|2 SNKPH
|9 60479
|
| 655 |
|
7 |
|a brožúry
|2 SNKPH
|9 70146
|
| 919 |
|
|
|a 80-7098-338-8
|
| 958 |
|
|
|a TL
|
| 958 |
|
|
|a UC
|
| 958 |
|
|
|a OND
|
| 999 |
|
|
|c 645430
|d 647360
|
| 952 |
|
|
|t P60, <04>, [BOOK], {604}
|a SNK
|b SNK
|y VYP
|7 0
|p 17A0423457
|o snkSC 115723 D1
|i snkKSP 10907/2003
|0 0
|1 0
|4 0
|d 2004-05-10
|l 0
|r 2005-01-02 00:00:00
|w 2026-02-23
|
| 952 |
|
|
|t P60, <03>, [BOOK], {603}
|a SNK
|b SNK
|y PREZ
|7 0
|p 17A0423456
|o snkSC 115723
|i snkKSP 10906/2003
|0 0
|1 0
|4 0
|d 2004-05-10
|f 1
|l 0
|r 2025-10-16 00:00:00
|w 2026-02-23
|